Fearless Pharaoh foofoo and other dramas for children / (Record no. 5656)

MARC details
000 -LEADER
fixed length control field 01004pam a2200265 a 4500
001 - CONTROL NUMBER
control field 4980485
003 - CONTROL NUMBER IDENTIFIER
control field GBCCL
005 - DATE AND TIME OF LATEST TRANSACTION
control field 20241126110546.0
008 - FIXED-LENGTH DATA ELEMENTS--GENERAL INFORMATION
fixed length control field 980605s1998 mou 001 0 eng
010 ## -
-- 98028472
020 ## - INTERNATIONAL STANDARD BOOK NUMBER
International Standard Book Number 0570053323
040 ## - CATALOGING SOURCE
Original cataloging agency DLC
Transcribing agency DLC
Modifying agency DLC
050 00 -
-- PS3572.O2935
-- F42 1998
082 00 - DEWEY DECIMAL CLASSIFICATION NUMBER
Classification number 812.54
Edition information 21
Item number VOG
100 1# - MAIN ENTRY--PERSONAL NAME
Personal name Vogel, Larry,
Dates associated with a name 1953-
9 (RLIN) 10208
245 10 - TITLE STATEMENT
Title Fearless Pharaoh foofoo and other dramas for children /
Statement of responsibility, etc. by Larry Vogel.
260 ## - PUBLICATION, DISTRIBUTION, ETC.
Place of publication, distribution, etc. St. Louis, Mo. :
Name of publisher, distributor, etc. Concordia Pub. House,
Date of publication, distribution, etc. c1998.
300 ## - PHYSICAL DESCRIPTION
Extent 159 p. ;
Dimensions 28 cm.
500 ## - GENERAL NOTE
General note Includes index.
630 00 - SUBJECT ADDED ENTRY--UNIFORM TITLE
Uniform title Bible
General subdivision History of Biblical events
-- Juvenile drama.
9 (RLIN) 10209
650 #0 - SUBJECT ADDED ENTRY--TOPICAL TERM
Topical term or geographic name entry element Children's plays, American.
9 (RLIN) 10210
906 ## - LOCAL DATA ELEMENT F, LDF (RLIN)
a 7
b cbc
c orignew
d 1
e ocip
f 19
g y-gencatlg
942 ## - ADDED ENTRY ELEMENTS (KOHA)
Source of classification or shelving scheme Dewey Decimal Classification
Koha item type Books
Holdings
Withdrawn status Lost status Source of classification or shelving scheme Damaged status Not for loan Home library Current Library Shelving location Date acquired Total checkouts Full call number Barcode Date last seen Copy number Price effective from Koha item type
    Dewey Decimal Classification     GRACE BIBLE COLLEGE GRACE BIBLE COLLEGE General Studies 2018-04-03   812.54 VOG 008660 2025-05-01 c.1 2018-04-03 Books
    Dewey Decimal Classification     GRACE BIBLE COLLEGE GRACE BIBLE COLLEGE General Studies 2018-04-03   812.54 VOG 008661 2025-05-01 c.2 2018-04-03 Books
    Dewey Decimal Classification     GRACE BIBLE COLLEGE GRACE BIBLE COLLEGE General Studies 2018-04-03   812.54 VOG 008662 2025-05-01 c.3 2018-04-03 Books
    Dewey Decimal Classification     GRACE BIBLE COLLEGE GRACE BIBLE COLLEGE General Studies 2018-04-03   812.54 VOG 008667 2025-05-01 c.4 2018-04-03 Books
    Dewey Decimal Classification     GRACE BIBLE COLLEGE GRACE BIBLE COLLEGE General Studies 2018-04-06   812.54 VOG 008678 2025-05-01 c.5 2018-04-06 Books
© Grace Bible College Library 2025